[Event "Zonal 2.4 2017"]
[Site "Florianopolis BRA"]
[Date "2017.04.28"]
[Round "4.27"]
[White "Dos Santos,H"]
[Black "Moro,Antonio Renato Pereira"]
[Result "0-1"]
[WhiteElo "2209"]
[BlackElo "1948"]

1.d4 f5 2.Nf3 Nf6 3.c4 e6 4.Nc3 Be7 5.g3 O-O 6.Bg2 c6 7.d5 cxd5 8.cxd5 Bb4
9.dxe6 dxe6 10.Qb3 Nc6 11.O-O h6 12.Rd1 Qa5 13.Bf4 Kh7 14.Rac1 Re8 15.Ne5 Nxe5
16.Bxe5 Nd7 17.Bd6 Nc5 18.Qc4 Bxc3 19.Rxc3 Qa4 20.Qxa4 Nxa4 21.Rc7 e5 22.Bxb7
Bxb7 23.Rxb7 Rad8 24.Rd2 Nc5 25.Bxc5 Rxd2 26.Bxa7 Rxe2 27.a4 h5 28.h4 Rd8
29.Be3 Rd1+ 30.Kg2 e4 31.g4 hxg4 32.Kg3 Rd3 33.Kf4 Rxf2+ 34.Bxf2 Rf3+ 35.Kg5
Rxf2 36.h5 g3 37.h6 g2 38.Rxg7+ Kh8 39.Kf6 e3 40.a5 e2 41.a6 e1=Q 42.a7 Qe8
{#R} 0-1

[Event "Zonal 2.4 2017"]
[Site "Florianopolis BRA"]
[Date "2017.04.28"]
[Round "4.28"]
[White "Almeida,Heidy Jose Moreira De"]
[Black "Teixeira,Ri"]
[Result "0-1"]
[WhiteElo "1892"]
[BlackElo "2205"]

1.e4 e6 2.d4 d5 3.Nc3 Bb4 4.e5 Ne7 5.a3 Bxc3+ 6.bxc3 c5 7.Bd3 Qc7 8.Bd2 Nbc6
9.Nf3 Bd7 10.O-O c4 11.Be2 f6 12.Bf4 Ng6 13.Bg3 f5 14.Nh4 Nge7 15.f4 O-O-O
16.Nf3 h6 17.Nd2 g5 18.Bxc4 dxc4 19.Nxc4 Nd5 20.Nd6+ Kb8 21.Qd3 Bc8 22.c4 Nxf4
23.Rxf4 gxf4 24.Bxf4 Ne7 25.Rb1 Ng6 26.Bd2 Rhg8 27.c5 Nh4 28.g3 Qc6 {#R} 0-1

[Event "Zonal 2.4 2017"]
[Site "Florianopolis BRA"]
[Date "2017.04.28"]
[Round "4.29"]
[White "Ribeiro,Matheus Cavalcante"]
[Black "De Haro,M"]
[Result "1-0"]
[WhiteElo "2157"]
[BlackElo "1925"]

1.e4 e5 2.Nf3 Nc6 3.Bb5 Nge7 4.O-O g6 5.c3 a6 6.Bc4 Bg7 7.d4 exd4 8.cxd4 O-O
9.Nc3 b5 10.Bb3 Na5 11.Bg5 h6 12.Bh4 Nxb3 13.Qxb3 g5 14.Bg3 d6 15.Rfd1 Nc6
16.d5 Ne7 17.Nd4 Bxd4 18.Rxd4 f5 19.f4 fxe4 20.Rxe4 Ng6 21.fxg5 Qxg5 22.Rae1
Bf5 23.R4e3 {#r} 1-0

[Event "Zonal 2.4 2017"]
[Site "Florianopolis BRA"]
[Date "2017.04.28"]
[Round "4.30"]
[White "Alboredo,Julia"]
[Black "Serafim Junior,Arnor"]
[Result "0-1"]
[WhiteElo "2049"]
[BlackElo "1855"]

1.e4 c5 2.Nf3 e6 3.d4 cxd4 4.Nxd4 a6 5.Bd3 Nf6 6.O-O Qc7 7.Qe2 d6 8.c4 Be7
9.Nc3 O-O 10.f4 Nbd7 11.Be3 Nc5 12.Bc2 b6 13.Bf2 g6 14.Rac1 Bb7 15.b4 Ncd7
16.Bd3 Rac8 17.Be3 Qb8 18.g4 Qa8 19.Bd2 Rfd8 20.g5 Nh5 21.Qg4 Ng7 22.a3 b5
23.cxb5 axb5 24.Ndxb5 d5 25.e5 Nb6 26.Be3 Nc4 27.Bxc4 Rxc4 28.Bb6 Rdc8 29.Ne2
Qa6 30.Be3 Qxb5 31.Nd4 Qa6 32.Rxc4 dxc4 33.h4 Qxa3 34.Qh3 Qxb4 35.h5 Be4
36.hxg6 Bxg6 37.Kf2 Qb2+ 38.Kf3 Qb7+ 39.Kf2 Ra8 40.Rh1 Ra2+ {#R} 0-1

[Event "Zonal 2.4 2017"]
[Site "Florianopolis BRA"]
[Date "2017.04.28"]
[Round "4.33"]
[White "Cella,G"]
[Black "Pereira,Armando Scharlau"]
[Result "1-0"]
[WhiteElo "1988"]
[BlackElo "1725"]

1.e4 e6 2.d4 d5 3.Nd2 Nf6 4.e5 Nfd7 5.Bd3 b6 6.f4 g6 7.Ndf3 c5 8.c3 Nc6 9.g4
Bb7 10.f5 cxd4 11.cxd4 Bb4+ 12.Kf1 Be7 13.Ne2 Qc7 14.Nf4 Nf8 15.a3 Qd7 16.f6
Bd8 17.h4 Bc7 18.Be3 O-O-O 19.b4 Kb8 20.Qa4 Rc8 21.Bb5 a6 22.Bxa6 Nxe5 23.Bb5
Nc6 24.Rc1 Bd6 25.Nd3 Qd8 26.Bxc6 Qxf6 27.Ke2 {#r} 1-0

[Event "Zonal 2.4 2017"]
[Site "Florianopolis BRA"]
[Date "2017.04.28"]
[Round "4.37"]
[White "Pereira,Geanfrancesco"]
[Black "Gomes,Marc"]
[Result "1-0"]
[WhiteElo "2036"]
[BlackElo "1759"]

1.e4 c5 2.Nf3 e6 3.c3 Nf6 4.e5 Nd5 5.d4 cxd4 6.cxd4 Nc6 7.Bc4 Nb6 8.Bd3 d6
9.O-O Qc7 10.Re1 a6 11.Nc3 Bd7 12.a3 Be7 13.exd6 Qxd6 14.Ne4 Qc7 15.Bd2 Nd5
16.Rc1 Qb6 17.Bc3 h6 18.Nc5 Rd8 19.b4 O-O 20.Bb1 Bf6 21.Ne5 Nxe5 22.dxe5 Bg5
23.Bd4 Qb5 24.Bd3 Qc6 25.Rc2 b5 26.Ne4 Qb7 27.Nxg5 hxg5 28.Qh5 g6 29.Bxg6 fxg6
30.Qxg6+ Kh8 31.Qh6+ Kg8 32.Qxg5+ Kh8 33.Re4 Nf4 34.Rxf4 Rxf4 35.Rc3 Rf3
36.Qxd8+ {#r} 1-0

[Event "Zonal 2.4 2017"]
[Site "Florianopolis BRA"]
[Date "2017.04.28"]
[Round "4.41"]
[White "Farias,Edilsom"]
[Black "Masselli,Eduardo"]
[Result "1-0"]
[WhiteElo "1845"]
[BlackElo "1665"]

1.d4 d5 2.c4 e6 3.Nf3 Nf6 4.Nc3 Nbd7 5.cxd5 exd5 6.Bg5 Be7 7.e3 h6 8.Bh4 O-O
9.Qc2 c6 10.Bd3 Re8 11.O-O Ne4 12.Bxe7 Qxe7 13.a3 f5 14.b4 g5 15.b5 g4 16.Nd2
Ndf6 17.Ne2 c5 18.Bxe4 Nxe4 19.Nxe4 cxd4 20.N4g3 dxe3 21.fxe3 Qxe3+ 22.Kh1 Re5
23.Qc7 Be6 24.Nh5 Bf7 25.Nef4 Re7 26.Qd6 d4 27.Qxh6 Bxh5 28.Qxh5 Rh7 29.Qg6+
Kh8 30.Rae1 Qg3 31.Qxh7+ {#r} 1-0

[Event "Zonal 2.4 2017"]
[Site "Florianopolis BRA"]
[Date "2017.04.28"]
[Round "4.42"]
[White "Jesus Filho,J"]
[Black "Abdalla,Umar Mohammad"]
[Result "1-0"]
[WhiteElo "1909"]
[BlackElo "1357"]

1.e4 e5 2.Nf3 Nc6 3.Bc4 Nf6 4.d3 Bc5 5.O-O O-O 6.Bg5 h6 7.Bh4 Be7 8.Nc3 d6
9.a3 Ng4 10.Bg3 Nf6 11.h3 Na5 12.Ba2 c5 13.Nh2 Nc6 14.f4 Be6 15.fxe5 dxe5
16.Bxe6 fxe6 17.Ng4 Nxg4 18.Qxg4 Qd7 19.Bf2 Rf4 20.Qg6 Raf8 21.Be3 R8f6 22.Qg3
Rxf1+ 23.Rxf1 Rxf1+ 24.Kxf1 Kh7 25.h4 Bf6 26.h5 Qf7 27.Qg6+ Kg8 28.Qxf7+ Kxf7
29.Bxc5 b6 30.Be3 Bd8 31.Ne2 Ne7 32.g4 Ng8 33.Kg2 g5 34.c4 Be7 35.b4 Bd6
36.Nc3 Bb8 37.a4 Ne7 38.c5 bxc5 39.Bxc5 {#r} 1-0

[Event "Queima das Fitas Open"]
[Site "Coimbra POR"]
[Date "2017.04.28"]
[Round "1.1"]
[White "Spraggett,K"]
[Black "Goncalves,Nuno Filipe Pocinho"]
[Result "1-0"]
[WhiteElo "2534"]
[BlackElo "1500"]

1.d4 d5 2.c4 e6 3.Nf3 Nf6 4.Nc3 Be7 5.g3 c6 6.Bg2 O-O 7.O-O dxc4 8.Ne5 Nd5
9.Nxc4 Nxc3 10.bxc3 Nd7 11.a4 Nb6 12.Ne5 Bf6 13.Ba3 Be7 14.Qb3 Bxa3 15.Qxa3
Nd7 16.Nc4 Nb6 17.Nd6 Qc7 18.c4 a5 19.e4 Rd8 20.c5 Nd7 21.e5 Nf8 22.f4 Ng6
23.g4 Ne7 24.f5 Nd5 25.Bxd5 exd5 26.f6 Be6 27.Qe3 {#r} 1-0

[Event "Queima das Fitas Open"]
[Site "Coimbra POR"]
[Date "2017.04.28"]
[Round "1.5"]
[White "Rocha,S"]
[Black "Carreira,Joao Andre Cortez"]
[Result "1-0"]
[WhiteElo "2383"]
[BlackElo "1464"]

1.d4 d5 2.Nf3 Nf6 3.c4 e6 4.Nc3 c6 5.Bg5 Be7 6.e3 Nbd7 7.Qc2 O-O 8.Bd3 dxc4
9.Bxc4 b5 10.Bd3 Bb7 11.e4 h6 12.Bh4 Re8 13.O-O a6 14.b4 Qb6 15.Rab1 Bf8 16.a4
Rec8 17.a5 Qc7 18.Qe2 Ne8 19.Rfd1 Bd6 20.e5 Bf8 21.Qe4 g6 22.Qg4 Kg7 23.Ne4 c5
24.Nxc5 Bxc5 25.dxc5 Nxe5 26.Nxe5 Qxe5 27.Bxg6 fxg6 28.Rd7+ Kf8 29.Qxg6 Qf5
30.Be7# 1-0

[Event "Queima das Fitas Open"]
[Site "Coimbra POR"]
[Date "2017.04.28"]
[Round "1.6"]
[White "Santos,Jorge A F Silva"]
[Black "Dias,I"]
[Result "0-1"]
[WhiteElo "1433"]
[BlackElo "2187"]

1.e4 c5 2.Nf3 Nc6 3.Nc3 g6 4.d4 cxd4 5.Nxd4 Bg7 6.Be3 Nf6 7.Bd3 O-O 8.O-O d6
9.f3 Ng4 10.Nxc6 Nxe3 11.Nxd8 Nxd1 12.Nd5 Nxb2 13.Nxe7+ Kh8 14.Nxc8 Nxd3
15.Rad1 Rxc8 16.Nxf7+ Rxf7 17.Rxd3 Rxc2 18.Rxd6 Rxa2 19.Rfd1 b5 20.Rd8+ Rf8
21.R1d7 b4 {#R} 0-1

[Event "Queima das Fitas Open"]
[Site "Coimbra POR"]
[Date "2017.04.28"]
[Round "1.7"]
[White "Iglesias Leon,F"]
[Black "Coimbra,Joao Marcial Ferreira"]
[Result "1-0"]
[WhiteElo "2182"]
[BlackElo "1382"]

1.Nf3 c6 2.b3 e6 3.Bb2 d5 4.g3 Nd7 5.Bg2 h6 6.c4 Nb6 7.Qc2 Ne7 8.O-O Bd7 9.d3
Ng6 10.e4 Bc8 11.a4 a6 12.exd5 cxd5 13.a5 Nd7 14.cxd5 e5 15.d4 Bd6 16.Re1 Qf6
17.dxe5 Ndxe5 18.Nxe5 Nxe5 19.f4 Bf5 20.fxe5 Qg6 21.exd6+ Kf8 22.Be4 Bxe4
23.Qxe4 Kg8 24.Qxg6 fxg6 25.Re7 Rh7 26.d7 Kf8 27.Ba3 Rh8 28.Nd2 h5 29.Re8+ Kf7
30.Rf1# 1-0

[Event "Queima das Fitas Open"]
[Site "Coimbra POR"]
[Date "2017.04.28"]
[Round "1.8"]
[White "Fonseca,Rafael Jose Verdete"]
[Black "Veiga,Jose Francisco R P Neves"]
[Result "0-1"]
[WhiteElo "1377"]
[BlackElo "2145"]

1.c4 Nf6 2.Nc3 g6 3.g3 Bg7 4.Bg2 O-O 5.Nf3 d6 6.d4 c6 7.Qb3 Qc7 8.Bf4 Nbd7
9.Rd1 e5 10.dxe5 dxe5 11.Bg5 Nc5 12.Qc2 Bf5 13.Qc1 Nfe4 14.Nxe4 Nxe4 15.Nh4
Qa5+ 16.Kf1 Nxg5 17.Nxf5 Rad8 18.Nd6 Ne6 19.Bh3 Qc5 20.Nxb7 Rxd1+ 21.Qxd1 Qb6
22.Bxe6 fxe6 23.Qd7 Qxf2# 0-1

[Event "Queima das Fitas Open"]
[Site "Coimbra POR"]
[Date "2017.04.28"]
[Round "1.9"]
[White "Costa,Pa"]
[Black "Antunes,Paulo Duarte Correia"]
[Result "1-0"]
[WhiteElo "2143"]
[BlackElo "1374"]

1.d4 Nf6 2.Nf3 e6 3.c4 Bb4+ 4.Bd2 c5 5.Bxb4 cxb4 6.Nbd2 O-O 7.e3 d5 8.Bd3 Nc6
9.O-O Re8 10.Qc2 h6 11.Rfd1 Bd7 12.cxd5 exd5 13.Rac1 Rc8 14.Qb1 Bg4 15.h3 Bxf3
16.Nxf3 Qe7 17.Rc5 a6 18.Rdc1 Rcd8 19.Qc2 Ne4 20.Bxe4 Qxe4 21.Qxe4 Rxe4 22.Ne1
a5 23.Nd3 f5 24.Rb5 Rd7 25.Nc5 Rde7 26.Nxe4 fxe4 27.Rxd5 b3 28.a3 Kf7 29.Rb5
Rd7 30.Rxb3 Ke8 31.Rb5 Ke7 32.g4 Kd8 33.Kg2 Rc7 34.d5 Nd4 35.Rxc7 Nxb5 36.Rxb7
Ke8 {#r} 1-0

[Event "Queima das Fitas Open"]
[Site "Coimbra POR"]
[Date "2017.04.28"]
[Round "1.10"]
[White "Sousa,Mario Antonio Da Silva"]
[Black "Dias,Ricardo Pedro Cruz"]
[Result "0-1"]
[WhiteElo "1362"]
[BlackElo "2142"]

1.c4 c5 2.g3 Nf6 3.Bg2 g6 4.Nf3 Bg7 5.O-O O-O 6.Nc3 Nc6 7.d4 cxd4 8.Nxd4 Nxd4
9.Qxd4 d6 10.Bg5 Be6 11.b3 Nd5 {#R} 0-1

[Event "Queima das Fitas Open"]
[Site "Coimbra POR"]
[Date "2017.04.28"]
[Round "1.11"]
[White "Guimaraes,R"]
[Black "Camacho,Diogo Fernandes Brito"]
[Result "1-0"]
[WhiteElo "2100"]
[BlackElo "1347"]

1.e4 c5 2.Nc3 Nc6 3.Bb5 d6 4.Bxc6+ bxc6 5.f4 Nf6 6.Nf3 g6 7.O-O Bg7 8.d3 O-O
9.Qe1 Qc7 10.Qh4 Nh5 11.Bd2 Rb8 12.b3 Bf6 13.Qe1 Bxc3 14.Bxc3 Nxf4 15.Ng5 e5
16.Rxf4 h6 17.Nxf7 Rxf7 18.Rxf7 Qxf7 19.Qh4 Kg7 20.Rf1 Qe6 21.Bd2 g5 22.Bxg5
hxg5 23.Qxg5+ Kh7 24.Rf6 Qxf6 25.Qxf6 Rb7 26.Qxd6 {#r} 1-0

[Event "Queima das Fitas Open"]
[Site "Coimbra POR"]
[Date "2017.04.28"]
[Round "1.12"]
[White "Cruz,Joao De Sousa Da"]
[Black "Ferreira,Ant2"]
[Result "0-1"]
[WhiteElo "1298"]
[BlackElo "2092"]

1.e4 c5 2.c4 Nc6 3.Ne2 Nf6 4.d3 g6 5.g3 Bg7 6.Bg2 d6 7.O-O Bd7 8.h3 Nd4 9.Nxd4
cxd4 10.Nd2 e5 11.Nf3 O-O 12.Bg5 b5 13.b3 bxc4 14.bxc4 Qa5 15.Qd2 Qa3 16.Bxf6
Bxf6 17.Rfb1 Rab8 18.Kh2 Kg7 19.Bf1 Rfc8 20.Qc1 Qxc1 21.Rxc1 Rb2 22.Kg1 a5
23.Rcb1 Rcb8 24.Rxb2 Rxb2 25.a3 Ba4 26.h4 Bb3 27.Kg2 Bd8 28.a4 Bb6 29.Kg1 Bc5
30.Kg2 Bb4 31.Kg1 Ra2 32.Rxa2 Bxa2 33.Be2 Bb3 34.Kf1 Bxa4 35.Ne1 Bb3 36.f4 a4
37.fxe5 dxe5 38.Nf3 f6 {#R} 0-1

[Event "Queima das Fitas Open"]
[Site "Coimbra POR"]
[Date "2017.04.28"]
[Round "1.14"]
[White "Barata,Manuel Joao Costa S C"]
[Black "Felizes,P"]
[Result "0-1"]
[WhiteElo "1260"]
[BlackElo "1979"]

1.e4 e5 2.Bc4 c6 3.Nc3 Nf6 4.d3 d5 5.exd5 cxd5 6.Bb5+ Nc6 7.Bg5 d4 8.Ne4 Qa5+
9.c3 Qxb5 10.Qc2 Nxe4 11.dxe4 f6 12.Bd2 Be6 13.Nf3 Rc8 14.Nh4 Nb4 15.Qd1 Nd3+
16.Kf1 Nxb2+ 17.Qe2 Bc4 18.Qxc4 Nxc4 19.Ke1 Nxd2 20.Kxd2 Qb2+ 21.Kd3 Rxc3# 0-1

[Event "Queima das Fitas Open"]
[Site "Coimbra POR"]
[Date "2017.04.28"]
[Round "1.17"]
[White "Dionizio,Andre Filipe Nasciment"]
[Black "Oliveira,Maria Elisa Ramos Ma"]
[Result "1-0"]
[WhiteElo "1914"]
[BlackElo "1180"]

1.e4 e5 2.Nf3 Nc6 3.Bc4 Bc5 4.c3 Nf6 5.d4 exd4 6.cxd4 Bb4+ 7.Bd2 Nxe4 8.Bxb4
Nxb4 9.Bxf7+ Kxf7 10.Qb3+ Ke8 11.Qxb4 Nf6 12.O-O Nd5 13.Qb3 Ne7 14.Re1 d6
15.Nc3 c6 16.Re3 Kd7 17.Rae1 Nf5 18.Qf7+ {#r} 1-0

[Event "Queima das Fitas Open"]
[Site "Coimbra POR"]
[Date "2017.04.28"]
[Round "1.18"]
[White "Borges,Afonso Maria De Almeida"]
[Black "Bazan Solera,M"]
[Result "0-1"]
[WhiteElo "1160"]
[BlackElo "1903"]

1.d4 Nf6 2.c4 g6 3.Nc3 Bg7 4.Nf3 O-O 5.Bg5 c5 6.e3 Nc6 7.Bd3 cxd4 8.exd4 Qb6
9.d5 Ng4 10.O-O Nce5 11.Nxe5 Nxe5 12.Bxe7 Re8 13.Ba3 d6 14.Nb5 Bf8 15.b3 a6
16.Nc3 Qd4 17.Re1 Bg4 {#R} 0-1

[Event "Queima das Fitas Open"]
[Site "Coimbra POR"]
[Date "2017.04.28"]
[Round "1.19"]
[White "Marin Aso,Jose Luis"]
[Black "Andrade,Gustavo"]
[Result "1-0"]
[WhiteElo "1902"]
[BlackElo "1155"]

1.e4 e5 2.Nf3 Nc6 3.d4 Bb4+ 4.c3 Bd6 5.Bc4 Nf6 6.O-O Nxe4 7.Bxf7+ Kxf7 8.dxe5
Bxe5 9.Qd5+ Ke8 10.Nxe5 Nxe5 11.Qxe5+ Qe7 12.Qxe7+ Kxe7 13.Re1 d5 14.f3 Bf5
15.c4 dxc4 16.Nc3 Rad8 17.fxe4 Bg4 18.Bg5+ Ke6 19.Bxd8 Rxd8 20.h3 Bd1 21.Raxd1
Rxd1 22.Rxd1 h5 23.Rd5 c5 24.Nb5 g5 25.Nc7+ Kf7 26.e5 Kg8 27.e6 Kg7 28.e7 Kg8
29.e8=Q+ Kh7 30.Rd7+ Kh6 31.Qe6# 1-0

[Event "Queima das Fitas Open"]
[Site "Coimbra POR"]
[Date "2017.04.28"]
[Round "1.20"]
[White "Santos,Pedro Miguel"]
[Black "Santos,Ricardo Alexandre Luis"]
[Result "0-1"]
[WhiteElo "1147"]
[BlackElo "1901"]

1.e4 e5 2.Nf3 Nc6 3.Bb5 a6 4.Ba4 Nf6 5.O-O Nxe4 6.Re1 Nc5 7.Bxc6 dxc6 8.Nxe5
Ne6 9.c3 Be7 10.d4 O-O 11.Be3 f6 12.Nf3 Rf7 13.Nbd2 a5 14.a4 b6 15.Nf1 Qd5
16.b3 g5 17.c4 Qf5 18.Ng3 Qg6 19.d5 Nf8 20.dxc6 Bg4 21.h3 Rd8 22.Qe2 Bxf3
23.Qxf3 f5 24.Ne2 Rd3 25.Nd4 f4 26.Qd5 fxe3 27.Rxe3 Rxe3 28.fxe3 Qf6 29.g4
Qf2+ 30.Kh1 Bd6 31.Nf3 {#R} 0-1

[Event "PSS IM Norm 2017"]
[Site "Johannesburg RSA"]
[Date "2017.04.28"]
[Round "4.3"]
[White "Sriram,J"]
[Black "Mosetlhe,K"]
[Result "1-0"]
[WhiteElo "2396"]
[BlackElo "2162"]

1.d4 Nf6 2.Nf3 b6 3.c4 e6 4.g3 Bb7 5.Bg2 Bb4+ 6.Bd2 Qe7 7.O-O Ne4 8.Bxb4 Qxb4
9.Qc2 Nd6 10.Nbd2 Qa5 11.c5 bxc5 12.dxc5 Nf5 13.a3 d5 14.b4 Qb5 15.a4 Qd7
16.Ne5 Qe7 17.e4 dxe4 18.Bxe4 Bxe4 19.Qxe4 c6 20.Nxc6 Qb7 21.Na5 Qxe4 22.Nxe4
Na6 23.b5 Nb4 24.Rfd1 Nd5 25.Rac1 h5 26.Nc3 Nfe7 27.Nc4 O-O 28.Nxd5 Nxd5
29.Ne3 Nf6 30.c6 Rfc8 31.a5 Rab8 32.c7 {#r} 1-0

[Event "PSS IM Norm 2017"]
[Site "Johannesburg RSA"]
[Date "2017.04.28"]
[Round "5.3"]
[White "Mosetlhe,K"]
[Black "Klaasen,C"]
[Result "1-0"]
[WhiteElo "2162"]
[BlackElo "2226"]

1.c4 Nf6 2.g3 e6 3.Bg2 d5 4.Nf3 Be7 5.d4 O-O 6.O-O c6 7.Qc2 b6 8.Nbd2 Bb7 9.e4
Na6 10.e5 Nd7 11.a3 c5 12.dxc5 Naxc5 13.b4 Ne4 14.cxd5 Nxd2 15.Nxd2 Nxe5 16.d6
Bxg2 17.dxe7 Qd5 18.exf8=Q+ Rxf8 19.f3 Bxf1 20.Kxf1 Nxf3 21.Nxf3 Qxf3+ 22.Kg1
Rd8 23.Bf4 h6 24.a4 g5 25.Rf1 Qg4 26.Be3 Rd5 27.Qc8+ Kg7 28.Qc3+ Kg8 29.a5
bxa5 30.bxa5 a6 31.Qc8+ Kg7 32.Qxa6 Qe4 33.Qa7 Rd7 34.Qxd7 Qxe3+ 35.Rf2 Qe1+
36.Kg2 Qe4+ 37.Kh3 g4+ 38.Kh4 Qg6 39.Qxf7+ {#r} 1-0

[Event "PSS IM Norm 2017"]
[Site "Johannesburg RSA"]
[Date "2017.04.28"]
[Round "5.5"]
[White "Makoto,R"]
[Black "Grover,S"]
[Result "1-0"]
[WhiteElo "2378"]
[BlackElo "2473"]

1.Nf3 f5 2.c4 d6 3.d4 Nf6 4.g3 g6 5.Bg2 Bg7 6.b3 O-O 7.Bb2 c6 8.O-O Qc7 9.Nbd2
Re8 10.Qc2 e5 11.dxe5 dxe5 12.e4 Na6 13.c5 b6 14.Qc4+ Kh8 15.exf5 b5 16.Qh4
Bxf5 17.Ng5 Nxc5 18.Rac1 Nd3 19.Rxc6 Qe7 20.Ba1 Nb4 21.Rd6 Kg8 22.Qxb4 Rad8
23.Bxe5 Qxe5 24.Rxd8 Rxd8 25.Ndf3 Qd6 26.Qxb5 h6 27.Qc4+ Qd5 28.Rd1 {#r} 1-0

[Event "24th Space Coast Open"]
[Site "Cocoa Beach USA"]
[Date "2017.04.28"]
[Round "1.2"]
[White "Moore,Nickolas A"]
[Black "Becerra Rivero,J"]
[Result "0-1"]
[WhiteElo "2038"]
[BlackElo "2550"]

1.d4 Nf6 2.Nf3 g6 3.c4 Bg7 4.Nc3 d6 5.e4 O-O 6.Be2 e5 7.O-O Nbd7 8.Be3 c6
9.Re1 h6 10.h3 exd4 11.Nxd4 Re8 12.Qc2 Nc5 13.Bd3 Nxd3 14.Qxd3 Qe7 15.Bf4 Nh5
16.Bd2 Qf6 17.Nde2 Qh4 18.g4 Nf6 19.Qg3 Qxg3+ 20.Nxg3 Nd7 21.b3 a6 22.Rad1 b5
23.cxb5 axb5 24.Re2 b4 25.Na4 Ba6 26.Ree1 Ne5 27.Re3 Nd3 28.Be1 Nxe1 29.Rexe1
Bb5 30.Nb6 Ra6 31.Nc4 Bxc4 32.bxc4 Rxa2 33.Rxd6 b3 34.Rxc6 b2 35.Rb6 Bd4 {#R}
0-1

[Event "24th Space Coast Open"]
[Site "Cocoa Beach USA"]
[Date "2017.04.28"]
[Round "1.3"]
[White "Ludwig,John G"]
[Black "Kutikoff,Adam"]
[Result "1-0"]
[WhiteElo "2397"]
[BlackElo "1892"]

1.e4 e6 2.d4 d5 3.Nd2 dxe4 4.Nxe4 Nd7 5.Nf3 Ngf6 6.Nxf6+ Nxf6 7.c3 h6 8.Bd3
Bd6 9.O-O O-O 10.Qe2 b6 11.c4 Bb7 12.Rd1 Qe7 13.b3 Rfe8 14.Bb2 Ba3 15.Bxa3
Qxa3 16.Ne5 Qe7 17.Bc2 Rad8 18.Qe3 Rc8 19.c5 Bd5 20.b4 b5 21.a4 a6 22.axb5
axb5 23.Ra5 c6 24.Rda1 Rc7 25.f3 Nd7 26.Qd3 Nf8 27.Ra6 g6 28.Qe3 Kg7 29.Qf4
Rec8 30.h4 Qf6 31.Qxf6+ Kxf6 32.Ra7 Kg7 33.Kf2 f6 34.Ng4 g5 35.Ne3 Kf7 36.Nxd5
exd5 37.Bf5 Ne6 38.h5 Re7 39.Rxe7+ Kxe7 40.Re1 Rc7 41.Rxe6+ Kf7 {#r} 1-0

[Event "81st ch-BUL 2017"]
[Site "Montana BUL"]
[Date "2017.04.28"]
[Round "4.4"]
[White "Delchev,A"]
[Black "Nikolov,Mo"]
[Result "0-1"]
[WhiteElo "2595"]
[BlackElo "2557"]

1.e4 e5 2.Nf3 Nc6 3.d4 exd4 4.Nxd4 Qf6 5.Nxc6 Bc5 6.Qf3 bxc6 7.Nd2 d6 8.Be2
Qxf3 9.Bxf3 Bd7 10.Nb3 Bb6 11.Bd2 Ne7 12.Na5 Rb8 13.Nc4 Bd4 14.c3 Bf6 15.O-O-O
Be6 16.Be2 O-O 17.Be3 a6 18.f4 Ng6 19.Na5 Bd7 20.e5 Be7 21.Bf3 d5 22.Nb3 Nh4
23.Rdf1 Bf5 24.Nd4 Bd7 25.g3 Nxf3 26.Nxf3 c5 27.Rd1 c6 28.Nd2 Bg4 29.Rde1 c4
30.h3 Bf5 31.Nf3 c5 32.g4 Be4 33.Rhf1 Rb5 34.Nd2 Bd3 35.Rf2 Rd8 36.f5 Bh4
37.Nf3 Bxf2 38.Bxf2 Rdb8 39.e6 fxe6 40.fxe6 Rxb2 41.Nd2 Rxa2 {#R} 0-1

[Event "81st ch-BUL 2017"]
[Site "Montana BUL"]
[Date "2017.04.28"]
[Round "4.5"]
[White "Nikolov,Mo"]
[Black "Delchev,A"]
[Result "0-1"]
[WhiteElo "2557"]
[BlackElo "2595"]

1.d4 d5 2.c4 e6 3.Nc3 c6 4.e3 Nf6 5.Nf3 Nbd7 6.Bd3 dxc4 7.Bxc4 b5 8.Bd3 Bd6
9.O-O O-O 10.b3 a6 11.Bb2 Bb7 12.h3 c5 13.dxc5 Nxc5 14.Be2 Qe7 15.Rc1 Rfd8
16.Qc2 e5 17.b4 Ncd7 18.a3 Nb6 19.Qb3 e4 20.Nd4 Qe5 21.g3 Qg5 22.Kg2 Rac8
23.a4 Nc4 24.Bxc4 bxc4 25.Qa2 Bxb4 26.Rc2 Rxd4 27.exd4 e3+ 28.f3 Nh5 29.Ne2
Nxg3 30.h4 Qg6 31.Nxg3 Bd6 32.Kh1 Qxg3 33.Rg2 Bxf3 34.Rxf3 Qxf3 35.Qa1 e2
36.Kg1 Bb4 {#R} 0-1

[Event "81st ch-BUL 2017"]
[Site "Montana BUL"]
[Date "2017.04.28"]
[Round "4.6"]
[White "Delchev,A"]
[Black "Nikolov,Mo"]
[Result "1-0"]
[WhiteElo "2595"]
[BlackElo "2557"]

1.e4 e5 2.Nf3 Nf6 3.Nc3 Nc6 4.d4 Bb4 5.Nxe5 Qe7 6.Qd3 Nxe5 7.dxe5 Qxe5 8.Bd2
O-O 9.O-O-O Bxc3 10.Bxc3 Qxe4 11.Qg3 Qg4 12.Bxf6 Qxg3 13.hxg3 gxf6 14.Bd3 d6
15.Rxh7 Re8 16.Rdh1 Kf8 17.Rh8+ Ke7 18.Rxe8+ Kxe8 19.Rh8+ Ke7 20.Bf5 Bxf5
21.Rxa8 a6 22.Rb8 Be4 23.f3 Bc6 24.g4 Ke6 25.Kd2 a5 26.Ke3 Ke7 27.Kf4 b6 28.g5
fxg5+ 29.Kxg5 Bd5 30.b3 Bc6 31.Kf4 Bd7 32.g4 Bc6 33.Rh8 Bd5 34.Rh6 Bc6 35.Ke3
Bd5 36.f4 Bc6 37.f5 Bd7 38.Kf4 Bb5 39.g5 Be2 40.Rh7 {#r} 1-0

[Event "World Schools U17 2017"]
[Site "Iasi ROU"]
[Date "2017.04.28"]
[Round "7.2"]
[White "Costachi,M"]
[Black "Calin,Alexandru"]
[Result "1-0"]
[WhiteElo "2460"]
[BlackElo "2049"]

1.d4 d5 2.c4 e6 3.Nf3 c6 4.e3 Bd6 5.b3 Nf6 6.Bb2 O-O 7.Nbd2 Nbd7 8.Bd3 Re8
9.Ne5 dxc4 10.Nexc4 Bf8 11.Qc2 h6 12.O-O Nd5 13.a3 c5 14.dxc5 Nxc5 15.Bh7+ Kh8
16.Ne5 Qe7 17.Bg6 f5 18.Bxf5 Qg5 19.Nf7+ {#r} 1-0

[Event "World Schools U17 2017"]
[Site "Iasi ROU"]
[Date "2017.04.28"]
[Round "7.4"]
[White "Ahmad Nazari,Emir Rusyaidi"]
[Black "Szocs,Teodor-Iulian"]
[Result "1-0"]
[WhiteElo "1812"]
[BlackElo "1923"]

1.e4 g6 2.d4 Bg7 3.Nc3 d6 4.Nf3 Nf6 5.Be2 O-O 6.O-O c6 7.a4 Qc7 8.b3 e5 9.Ba3
Rd8 10.h3 Nh5 11.Qd2 Nf4 12.Rad1 Bh6 13.Kh1 Kg7 14.dxe5 Nxg2 15.Qd4 c5
16.exd6+ cxd4 17.dxc7 Rd7 18.cxb8=Q {#r} 1-0

[Event "World Schools U17 2017"]
[Site "Iasi ROU"]
[Date "2017.04.28"]
[Round "7.5"]
[White "Olinici,Emanuel"]
[Black "Ozen,Batuhan"]
[Result "0-1"]
[WhiteElo "2069"]
[BlackElo "2110"]

1.d4 Nf6 2.c4 c5 3.d5 e5 4.Nc3 d6 5.e4 Be7 6.Bd3 h5 7.Nge2 h4 8.O-O Nbd7 9.Qc2
a6 10.a3 Nh5 11.Nd1 Bg5 12.Ne3 g6 13.b4 b6 14.Rb1 Ndf6 15.f3 Nf4 16.Bd2 N6h5
17.Rf2 Nxe2+ 18.Bxe2 Bf4 19.Bd1 Ng3 20.Qd3 Bd7 21.bxc5 bxc5 22.Ng4 Nh5 23.Ne3
Bg3 24.Rf1 Nf4 25.Qc2 Qg5 26.h3 O-O 27.Rb6 Rfb8 28.Rxb8+ Rxb8 29.Bc1 Qd8
30.Ng4 Bxg4 31.fxg4 Qa5 32.Bd2 Qxa3 33.Rf3 Qa1 34.Rb3 Rxb3 35.Qxb3 Qd4+ 36.Qe3
Qxc4 37.Bb3 Qb5 {#R} 0-1

[Event "World Schools U17 2017"]
[Site "Iasi ROU"]
[Date "2017.04.28"]
[Round "7.6"]
[White "Banerjee,Abhimanyu"]
[Black "Albu,George"]
[Result "0-1"]
[WhiteElo "2034"]
[BlackElo "1950"]

1.e4 c5 2.Nc3 g6 3.f4 Bg7 4.Nf3 Nc6 5.Bc4 d6 6.O-O e6 7.d3 Nge7 8.Qe1 O-O 9.f5
d5 10.Bb3 Na5 11.Qh4 f6 12.Ng5 fxg5 13.Bxg5 Bd4+ 14.Kh1 Nxb3 15.Bxe7 Nxa1
16.Bxd8 Nxc2 17.f6 Rf7 18.Qg5 Bd7 19.Be7 Be3 20.Qe5 Re8 21.Rf3 d4 22.Qd6 Bc6
23.Nd1 c4 24.Nxe3 dxe3 25.Qg3 e2 26.Bb4 Nxb4 27.Qe1 Nxd3 28.Qxe2 Nc5 29.Rf4
Nd3 30.Rf3 e5 31.h4 b5 32.h5 Nf4 33.Rxf4 exf4 34.e5 Rxf6 35.a4 f3 {#R} 0-1